| 000 | 00344 a2200145 4500 | ||
|---|---|---|---|
| 001 | 154702 | ||
| 040 | _cEscola São Tomás de Aquino | ||
| 100 | _aVILLA, Marco Antonio | ||
| 240 | 1 | 0 |
_aSociedade e História do Brasil _lpor |
| 245 | 1 | 0 | _aSociedade e História do Brasil |
| 300 | _a43 | ||
| 362 | 0 | _a1999 | |
| 697 | _aHISTÓRIA | ||
| 942 | _cBK | ||
| 999 |
_c154702 _d154702 |
||